Methods in numerical analysis
Guardat en:
| Autor principal: | |
|---|---|
| Format: | Llibre |
| Idioma: | anglès |
| Publicat: |
Nueva York
The Macmillan Company
1956
|
| Matèries: | |
| Etiquetes: |
Afegir etiqueta
Sense etiquetes, Sigues el primer a etiquetar aquest registre!
|
MARC
| LEADER | 00000nam a2200000 a 4500 | ||
|---|---|---|---|
| 001 | UCR5372 | ||
| 003 | CL-VaPUC | ||
| 008 | 980327e19560000US |||||||||||||||||eng|d | ||
| 082 | 0 | 4 | |a 519.4 |b NIE |2 21 |
| 100 | |a Nielsen, Kaj L. |e author |9 406235 | ||
| 245 | 1 | 0 | |a Methods in numerical analysis |
| 300 | |a 382 p | ||
| 942 | |c BK | ||
| 945 | |d 19980327 00:00:00 |a crobeson | ||
| 260 | |a Nueva York |b The Macmillan Company |c 1956 | ||
| 650 | 0 | |a Análisis numérico |9 259387 | |
| 583 | |a last modification |c 19980327 00:00:00 |k Rodrigo Vera | ||
| 999 | |c 267980 |d 267978 | ||
| 952 | |0 0 |1 0 |4 0 |6 519_400000000000000_NIE_1956 |7 0 |8 A |9 300831 |a BIBALI |b BIBALI |c GEN |d 2019-11-20 |i 1969374 |o 519.4 NIE 1956 |p 1969374 |r 2025-01-20 |w 2019-11-20 |y BK |k ALI | ||